|
|
|
|
| LEADER |
00000nam a22000007a 4500 |
| 005 |
20190925235442.0 |
| 007 |
cr|||| |||| |
| 008 |
190925c20079999us qr|w s|||| 0|||b1eng d |
| 022 |
|
|
|a 0027-6383
|
| 035 |
|
|
|a 5453
|
| 040 |
|
|
|a vLex
|
| 090 |
|
|
|c 9640
|d 9640
|
| 245 |
0 |
0 |
|a Prosecutor, Journal of the National District Attorneys Association
|h [Recurso electrn̤ico] /
|
| 256 |
|
|
|a Servicio en ln̕ea
|
| 260 |
|
|
|a Arlington:
|b National District Attorneys Association,
|c 2007 -
|
| 300 |
|
|
|a 1 recurso electrn̤ico
|
| 310 |
|
|
|a Trimestral
|
| 506 |
1 |
|
|a Disponible solo en los productos indicados
|d vLex Global
|d vLex Global (Academic Edition, excluding Law Schools)
|d vLex Global (Academic Edition, Law Schools)
|
| 650 |
0 |
4 |
|a Derecho Pb︢lico y Administrativo
|z Estados Unidos
|
| 740 |
0 |
|
|a vLex Revistas (Servicio en ln̕ea)
|
| 856 |
4 |
0 |
|u http://vlex.com/source/prosecutor-journal-national-district-attorneys-association-5453
|z Acceso restringido
|
| 942 |
|
|
|c REV
|
| 999 |
0 |
|
|a Public and Administrative Law
|